Word Ladder: Brief Fief Quiz Stats

 Plays Quiz Updated Oct 17, 2015

Challenge
Share
Tweet
Embed
Score 0/10 Timer 01:00
0 Plays Today
Hint 4-Letter Word % Correct
Female horseMARE
96%
Folk tales and passed-down knowledgeLORE
92.1%
Feudal master●LORD●
91.9%
Comparative wordMORE
89.4%
Peel or whittle downPARE
81.5%
French word for 'father'PÈRE
77.1%
A laborer bound to the fellow at the top of this ladder●SERF●
63.1%
Dry and witheredSERE
56.9%
A sorcerer or wizardMAGE
55.5%
A young attendant to a knight●PAGE●
53.5%

Today's Daily Dose

You're not logged in!

Compare scores with friends on all Sporcle quizzes.
OR
Log In

You Might Also Like...

Show Comments

Extras

Top Quizzes Today


Score Distribution

Your Account Isn't Verified!

In order to create a playlist on Sporcle, you need to verify the email address you used during registration. Go to your Sporcle Settings to finish the process.

Report this User

Report this user for behavior that violates our Community Guidelines.

Details: